000 00437cam a2200181ua 4500
001 2730
008 110907n ii |||gr||||Z||||||asm
040 _cMAIN
082 _a891.4512
100 1 _aChandan, Dilip,
_eAuthor.
245 1 1 _aNiruddesh jatra
_cby Dilip Chandan
250 _a1st.
260 _aGuahati:
_bJanaki prakashan,993.
300 _a85p:
_c23cm.
653 _aAssamese drama
653 _aNiruddesh jatra
942 _cBK
999 _c2579
_d2579